Born in 1949 Quiz Stats

 Plays Quiz Updated Feb 28, 2020

Support Sporcle.
Go Orange.
Score 0/20 Timer 03:00
0 Plays Today
Bio Person % Correct
Heavyweight champ and grill pitchmanGeorge Foreman
91.6%
Daryl Hall's guitar-playing bandmateJohn Oates
80.5%
Two-time Best Actress winner, including for 2011's 'The Iron Lady'Meryl Streep
78%
Original SNL cast member and 'Animal House' starJohn Belushi
77.5%
Peyton and Eli's QB dadArchie Manning
74.8%
Long-tongued Kiss bassistGene Simmons
72%
Ripley in the 'Alien' seriesSigourney Weaver
63.8%
Disco star and 'I Will Survive' singerGloria Gaynor
62.5%
Best Actress winner for 'Coal Miner's Daughter'Sissy Spacek
62.3%
Latka portrayer and subject of 'Man on the Moon'Andy Kaufman
58.6%
Bio Person % Correct
The Donald's first wifeIvana Trump
57.5%
American fashion designer known for her couture wedding gown collectionsVera Wang
50.4%
Austrian celebrity chef and restaurateurWolfgang Puck
47.1%
Journey lead singerSteve Perry
45.6%
Actress pursued by Jack Nicholson in 'The Shining'Shelley Duvall
38.4%
Red Sox 1st baseman remembered for his fielding error in Game 6 of the '86 World SeriesBill Buckner
38.4%
Canadian-American band leader and Letterman sidekickPaul Shaffer
33.4%
Comedian best known as Ernest P. WorrellJim Varney
22.8%
Actress who played Janet Wood on 'Three's Company'Joyce DeWitt
20%
'Raiders of the Lost Ark' screenwriter and 'Big Chill' directorLawrence Kasdan
13.6%

You're not logged in!

Compare scores with friends on all Sporcle quizzes.
OR
Log In
Forgot?

From the Vault

Musicians Upside Down II

by qlh27

Music 5m
Do not adjust your computer screen.
Remove Ads.
Support Sporcle.
Get the best of Sporcle when you Go Orange. This ad-free experience offers more features, more stats, and more fun while also helping to support Sporcle. Thank you for becoming a member.

Show Comments

Extras

Top Quizzes Today


Score Distribution

Your Account Isn't Verified!

In order to create a playlist on Sporcle, you need to verify the email address you used during registration. Go to your Sporcle Settings to finish the process.

Report this User

Report this user for behavior that violates our Community Guidelines.

Details: